000 00718nam a22002057a 4500
005 20100805120259.0
010 _aENG-98364
020 _a9788190515658
_c495.00
035 _aEN-81897
037 _bDBAD/PUB
082 _a483.103
100 _aGautam, V.
_98535
245 _aDictionary of idioms and phrases /
_cby V. Gautam
260 _aDelhi
_bShekhar Publication
_c2010
270 _a6/40, Mohaiia Maharam, Gali Aryasamj, Shadara,
_bDelhi
_e110032
300 _a269p.
_c22cm (Hb)
650 _aIdims phrases
_98536
942 _2ddc
_cEN
_h483.103
_mGAU
999 _c39389
_d39389